| 000 | 01276nam a22003017a 4500 | ||
|---|---|---|---|
| 999 |
_c118298 _d118298 |
||
| 003 | dpl | ||
| 005 | 20181210142718.0 | ||
| 008 | 181210b ||||| |||| 00| 0 eng d | ||
| 010 | _aB-195472 | ||
| 020 |
_c00.00 _a8172161808 |
||
| 035 | _aB-195472 | ||
| 035 | _aB-195489 | ||
| 037 | _bCen Lib/Ret | ||
| 040 |
_aDPL _bHN _cdpl |
||
| 082 |
_a613.7046 _bशर्माज |
||
| 100 |
_aशर्मा, जयप्रकाश _979323 |
||
| 245 |
_aयोग शिक्षा : _cजयप्रकाश शर्मा [एवं] मधु सहगल _bएक परिचय / |
||
| 246 |
_aYog shiksha : ek parichya _bby Jaiprakash Sharma [evam] Madhu Sahgal |
||
| 260 |
_aनई दिल्ली _bफ्रेंड्स पब्लिकेशन _c2006 |
||
| 270 |
_a101, 4787/23, अंसारी रोड दरिया गंज _bनई दिल्ली _e110002 |
||
| 300 |
_a212पृष्ठ. : _c20सेमी(सजिल्द) _bचित्र. |
||
| 650 |
_aयोग शिक्षा _979324 |
||
| 650 |
_aयोगासन _979325 |
||
| 650 |
_aYoga Education _933782 |
||
| 650 |
_aYoga _979326 |
||
| 700 |
_a सहगल, मधु _979327 |
||
| 942 |
_2ddc _cHN _h613.7046 _mशर्माज |
||